Incredible Inedibles Quiz Stats

 Plays Quiz Updated Aug 21, 2015

Also try: Flop or Not?
Challenge
Share
Tweet
Score 0/20 Timer 05:00
4 Plays Today
% Correct
Yes, photo A is of the fake roasted chicken.
98.3%
Yes, photo B is of the fake steak & baked potato.
96.6%
Yes, photo B is of the fake biscuits.
91.1%
Yes, photo A is of the fake clam cocktail.
90.5%
Yes, photo A is of the fake burger & fries.
90.1%
Yes, photo A is of the fake pepperoni pizza.
90.1%
Yes, photo B is of the fake lasagna.
88.3%
Yes, photo B is of the fake waffle.
88.3%
Yes, photo B is of the fake pasta dish.
87.6%
Yes, photo A is of the fake milk & cookies.
81.3%
% Correct
Yes, photo B is of the fake fruit display.
80.3%
Yes, photo A is of the fake dessert display.
77.9%
Yes, photo A is of the fake bagel & coffee.
73%
Yes, photo B is of the fake baked fish.
67.2%
Yes, photo B is of the fake bacon & eggs.
63.3%
Yes, photo A is of the fake Big Mac & fries.
57.4%
Yes, photo A is of the fake hot dog.
53.2%
Yes, photo A is of the fake taco.
45.3%
Yes, photo B is of the fake donut.
39%
Yes, photo B is of the fake soup and sandwich.
34.4%

You're not logged in!

Compare scores with friends on all Sporcle quizzes.
OR
Log In

You Might Also Like...

Show Comments

Extras

Top Quizzes Today


Score Distribution

Your Account Isn't Verified!

In order to create a playlist on Sporcle, you need to verify the email address you used during registration. Go to your Sporcle Settings to finish the process.

Report this User

Report this user for behavior that violates our Community Guidelines.

Details: